|
|
|
|
| LEADER |
00000nam a2200000 4500 |
| 008 |
191210b1998 sp ||||| |||| 00| | spa d |
| 999 |
|
|
|c 3828
|d 3828
|
| 020 |
|
|
|a 8449304776
|
| 090 |
|
|
|a 06.05.02
|b 318
|
| 100 |
|
|
|9 318
|a Eisner, Elliot W.
|
| 245 |
1 |
3 |
|a El ojo ilustrado : indagación cualitativa y mejora de la práctica educativa /
|c Elliot W. Eisner
|
| 260 |
|
|
|a Barcelona :
|b Ediciones Paidós Ibérica,
|c 1998
|
| 300 |
|
|
|a 305 páginas
|
| 490 |
|
|
|a Paidós educador,
|v 125
|
| 650 |
1 |
4 |
|9 499
|a PRÁCTICA PEDAGÓGICA
|
| 650 |
1 |
4 |
|9 1
|a EDUCACIÓN
|
| 650 |
1 |
4 |
|9 317
|a INVESTIGACIÓN CUALITATIVA
|
| 942 |
|
|
|i 00510
|h 06.05.02 318
|2 z
|c 01
|